000 00800nam a22002657a 4500
001 7417
003 FISKH
005 20250714135615.0
008 250714b cb ||||| |||| 00| 0 eng d
040 _aFISKH
_beng
_cFISKH
_dFISKH
050 _aPZ7.B81618 G
082 _a813
100 _aBrown, Marc
245 _aGlasses for D.W. /
_cMarc Brown
260 _aToronto :
_bRandom House,
_c1996.
300 _a24 unnumbered pages :
_bcolor illustrations ;
_c23 cm
490 _aD.W., Arthur the Aardvark
505 _aJ
520 _aArthur's little sister wants to wear glasses like her brother and tries to prove she needs them.
521 8 _a430
_bLexile
521 8 _aJ
_bRaz-Plus
650 _aBrothers and Sisters
_vAnimal Fiction
942 _2ddc
_cBK
_n0
999 _c7417
_d7417